| 000 | 04821nam a22017297a 4500 | ||
|---|---|---|---|
| 003 | PE-LiUPU | ||
| 005 | 20250813170017.0 | ||
| 008 | 230712b |||||||| |||| 00| 0 spa d | ||
| 020 | _a9786124328459 | ||
| 040 |
_aPE-LiUPU _bspa _cPE-LiUPU _dPE-LiUPU _erda |
||
| 082 |
_223 _a657.46 _bB517d |
||
| 100 |
_aBernal Rojas, Josué. _91607 _d1967- _eAutor |
||
| 245 |
_aDepreciación del activo fijo : _bIncidencia tributaria, contable / _cJosué Bernal Rojas. |
||
| 250 | _aPrimera edición | ||
| 264 |
_a[Lima] : _bInstituto Pacífico S.A.C., _c2016. |
||
| 300 |
_a32 páginas : _bIlustracion en cuadros; _c24 centímetros. |
||
| 500 | _aEncuadernación engrapada. | ||
| 504 | _aIncluye referencias bibliográficas. | ||
| 505 | _aTRATAMIENTO CONTABLE DE LA DEPRECIACIÓN: Definición de depreciación -- Depreciación en forma separada de cada componente activo fijo -- Importe depreciable --Valor residual -- vida útil -- Método de depreciación -- Cambio del método de depreciación -- Inicio de cese de la depreciación -- Contabilización de la depreciación -- Contabilización separada de terrenos y edificios -- Revisión periódica del valor residual y la vida útil del activo. TRATAMIENTO TRIBUTARIO DE LA DEPRECIACIÓN: Depreciación para efectos tributarios -- Tasa de depreciación para fines de impuesto a la renta -- Régimen especial de depreciación Ley N° 30264 ley que establece medidas par promover el crecimiento económico -- Porcentajes mayores de depreciación -- Base de cálculo para la depreciación -- Sustento del costo de adquisición o producción -- Explotaciones forestales y plantaciones agrícolas -- Bienes obsoletos o fuera de uso -- Registro de la depreciación -- Inicio de la depreciación -- Depreciación contable mayor que la depreciación tributaria. | ||
| 526 | _aP203 | ||
| 526 | _aP200 | ||
| 526 | _aSEG65 | ||
| 526 | _aSEG64 | ||
| 526 | _aSEG63 | ||
| 526 | _aSEG62 | ||
| 526 | _aSEG61 | ||
| 526 | _aSEG60 | ||
| 526 | _aSEG59 | ||
| 526 | _aSEG58 | ||
| 526 | _aSEG57 | ||
| 526 | _aSEG56 | ||
| 526 | _aSEG55 | ||
| 526 | _aSEG54 | ||
| 526 | _aSEG53 | ||
| 526 | _aSEG52 | ||
| 526 | _aSEG51 | ||
| 526 | _aSEG50 | ||
| 526 | _aSEG49 | ||
| 526 | _aSEG48 | ||
| 526 | _aSEG47 | ||
| 526 | _aSEG46 | ||
| 526 | _aSEG24 | ||
| 526 | _aSEG23 | ||
| 526 | _aSEG22 | ||
| 526 | _aSEG21 | ||
| 526 | _aSEG20 | ||
| 526 | _aSEG19 | ||
| 526 | _aSEG18 | ||
| 526 | _aSEG17 | ||
| 526 | _aSEG16 | ||
| 526 | _aSEG14 | ||
| 526 | _aSEG13 | ||
| 526 | _aSEG12 | ||
| 526 | _aSEG11 | ||
| 526 | _aSEG10 | ||
| 526 | _aSEG09 | ||
| 526 | _aSEG06 | ||
| 526 | _aSEG05 | ||
| 526 | _aSEG04 | ||
| 526 | _aSEG03 | ||
| 526 | _aSEG02 | ||
| 526 | _aSEG68 | ||
| 526 | _aSEG66 | ||
| 526 | _aSEG45 | ||
| 526 | _aSEG25 | ||
| 526 | _aSEG01 | ||
| 526 | _aP163 | ||
| 526 | _aP162 | ||
| 526 | _aP161 | ||
| 526 | _aP160 | ||
| 526 | _aP159 | ||
| 526 | _aP158 | ||
| 526 | _aP157 | ||
| 526 | _aP156 | ||
| 526 | _aP155 | ||
| 526 | _aP154 | ||
| 526 | _aP153 | ||
| 526 | _aP152 | ||
| 526 | _aP151 | ||
| 526 | _aP150 | ||
| 526 | _aP149 | ||
| 526 | _aP142 | ||
| 526 | _aP141 | ||
| 526 | _aP140 | ||
| 526 | _aP139 | ||
| 526 | _aP138 | ||
| 526 | _aP137 | ||
| 526 | _aP132 | ||
| 526 | _aP131 | ||
| 526 | _aP130 | ||
| 526 | _aP126 | ||
| 526 | _aP125 | ||
| 526 | _aP124 | ||
| 526 | _aP123 | ||
| 526 | _aP115 | ||
| 526 | _aP122 | ||
| 526 | _aP121 | ||
| 526 | _aP116 | ||
| 526 | _a P114 | ||
| 526 | _aP112 | ||
| 526 | _aP111 | ||
| 526 | _aP104 | ||
| 526 | _aP103 | ||
| 526 | _aP102 | ||
| 526 | _aP101 | ||
| 526 | _aP100 | ||
| 526 | _aP96 | ||
| 526 | _aP95 | ||
| 526 | _aP93 | ||
| 526 | _aP92 | ||
| 526 | _aP91 | ||
| 526 | _aP88 | ||
| 526 | _aP83 | ||
| 526 | _aP82 | ||
| 526 | _aP79 | ||
| 526 | _aP78 | ||
| 526 | _aP75 | ||
| 526 | _aP74 | ||
| 526 | _aP71 | ||
| 526 | _aP69 | ||
| 526 | _a P51 | ||
| 526 | _aP49 | ||
| 526 | _aP48 | ||
| 526 | _aP47 | ||
| 526 | _aP33 | ||
| 526 | _aP31 | ||
| 526 | _a P30 | ||
| 526 | _aP29 | ||
| 526 | _aP27 | ||
| 526 | _aP26 | ||
| 526 | _aP25 | ||
| 526 | _aP24 | ||
| 526 | _a P22 | ||
| 526 | _aP10 | ||
| 526 | _aP09 | ||
| 526 | _a P08 | ||
| 526 | _aP06 | ||
| 526 | _aP05 | ||
| 526 | _aP04 | ||
| 526 | _aP01 | ||
| 650 | 1 | 8 |
_aContabilidad tributaria _zPerú. _91609 |
| 650 | 2 | 8 |
_aDepreciación _vProblemas, ejercicios, etc. _91611 |
| 650 | 2 | 8 |
_aDeducciones por gastos de impuesto a la renta _vProblemas, ejercicios, etc. _zPerú. _91612 |
| 942 |
_2ddc _cBK _n0 |
||
| 980 |
_621515 _aDIGNA BRAÑES Analista Documental _81 _gALBERTO SANCHEZ Responsable de Automatización |
||
| 999 |
_c61921 _d61921 |
||